000
00249nam a2200109Ia 4500
008
190216s9999||||xx |||||||||||||| ||und||
100
_a
Sharma & Agarwal
245
0
_a
Modern Essays
260
_b
Arun Prakashan
650
_a
English
942
_c
BK
999
_c
13202
_d
13202